000 00393nam a2200157 a 4500
001 3950
005 20140414131936.0
008 040107s19uu xx 00 eng d
020 _a1-902947-27-4
050 _aREF 629
_bF37 2000
100 _aFarndon, John
245 _aBuilding and transport /
_cJohn Farndon.
260 _bMiles Kelly,
_c2000.
300 _a61 p. ; cm.
999 _c112436
_d112436